<?xml version="1.0" encoding="UTF-8"?>
<record
    xmlns:xsi="http://www.w3.org/2001/XMLSchema-instance"
    xsi:schemaLocation="http://www.loc.gov/MARC21/slim http://www.loc.gov/standards/marcxml/schema/MARC21slim.xsd"
    xmlns="http://www.loc.gov/MARC21/slim">

  <leader>01060nam a22002657a 4500</leader>
  <controlfield tag="001">72337</controlfield>
  <controlfield tag="003">BD-RjUL</controlfield>
  <controlfield tag="005">20211209082240.0</controlfield>
  <controlfield tag="008">170516s2009    bg ||||| b||| 001 0 ben d</controlfield>
  <datafield tag="020" ind1=" " ind2=" ">
    <subfield code="a">9840747851 :</subfield>
    <subfield code="c">  TK. : 280.00</subfield>
  </datafield>
  <datafield tag="035" ind1=" " ind2=" ">
    <subfield code="a">(BD-RjUL)72554</subfield>
  </datafield>
  <datafield tag="040" ind1=" " ind2=" ">
    <subfield code="a">BD-RjUL</subfield>
    <subfield code="b">eng</subfield>
    <subfield code="c">BD-RjUL</subfield>
  </datafield>
  <datafield tag="041" ind1=" " ind2=" ">
    <subfield code="a">eng</subfield>
  </datafield>
  <datafield tag="082" ind1=" " ind2=" ">
    <subfield code="2">23</subfield>
    <subfield code="a">780.922</subfield>
    <subfield code="b">WAL 2009</subfield>
  </datafield>
  <datafield tag="100" ind1="1" ind2=" ">
    <subfield code="a">&#x993;&#x9AF;&#x9BC;&#x9BE;&#x9B9;&#x9BE;&#x9AC;, &#x986;&#x9AC;&#x9A6;&#x9C1;&#x9B2;</subfield>
    <subfield code="9">213923</subfield>
  </datafield>
  <datafield tag="245" ind1="1" ind2="0">
    <subfield code="a">&#x9B2;&#x9BE;&#x9B2;&#x9A8;-&#x9B9;&#x9BE;&#x9B8;&#x9BE;&#x9A8; </subfield>
    <subfield code="b">&#x99C;&#x9C0;&#x9AC;&#x9A8;-&#x995;&#x9B0;&#x9CD;&#x9AE;-&#x9B8;&#x9AE;&#x9BE;&#x99C; /</subfield>
    <subfield code="c">&#x986;&#x9AC;&#x9A6;&#x9C1;&#x9B2; &#x993;&#x9AF;&#x9BC;&#x9BE;&#x9B9;&#x9BE;&#x9AC; </subfield>
  </datafield>
  <datafield tag="260" ind1=" " ind2=" ">
    <subfield code="a">&#x9A2;&#x9BE;&#x995;&#x9BE;</subfield>
    <subfield code="b">&#x9AC;&#x9BE;&#x982;&#x9B2;&#x9BE; &#x98F;&#x995;&#x9BE;&#x9A1;&#x9C7;&#x9AE;&#x9C0;,</subfield>
    <subfield code="c">&#x9E8;&#x9E6;&#x9E6;&#x9EF;</subfield>
  </datafield>
  <datafield tag="300" ind1=" " ind2=" ">
    <subfield code="a">[&#x9E7;&#x9EC;], &#x9EB;&#x9EB;&#x9E8; &#x9AA;&#x9C3; ;</subfield>
    <subfield code="b">&#x9E8;&#x9E8; &#x9B8;&#x9C7;&#x9AE;&#x9BF;.</subfield>
  </datafield>
  <datafield tag="504" ind1=" " ind2=" ">
    <subfield code="a">&#x9B8;&#x982;&#x9AF;&#x9C1;&#x995;&#x9CD;&#x9A4; &#x997;&#x9CD;&#x9B0;&#x9A8;&#x9CD;&#x9A5;&#x9AA;&#x9C1;&#x99E;&#x9CD;&#x99C;&#x9BF; &#x993; &#x9A8;&#x9BF;&#x9B0;&#x9CD;&#x998;&#x9A3;&#x9CD;&#x99F;</subfield>
  </datafield>
  <datafield tag="600" ind1=" " ind2=" ">
    <subfield code="a">Chowdhury,  Dewan Hasan Raja,</subfield>
    <subfield code="d">1854-1922</subfield>
    <subfield code="9">213928</subfield>
  </datafield>
  <datafield tag="600" ind1=" " ind2=" ">
    <subfield code="a">Shah, Lalon,</subfield>
    <subfield code="d">1772-1890</subfield>
    <subfield code="9">213929</subfield>
  </datafield>
  <datafield tag="650" ind1=" " ind2=" ">
    <subfield code="a">&#x997;&#x9BE;&#x9A8;&#x9C7;&#x9B0; &#x9B8;&#x9C1;&#x9B0;&#x995;&#x9BE;&#x9B0;</subfield>
    <subfield code="x">&#x99C;&#x9C0;&#x9AC;&#x9A8;&#x9C0;</subfield>
    <subfield code="9">213926</subfield>
  </datafield>
  <datafield tag="650" ind1=" " ind2=" ">
    <subfield code="a">Composer of songs</subfield>
    <subfield code="x">Biographies</subfield>
    <subfield code="9">213927</subfield>
  </datafield>
  <datafield tag="942" ind1=" " ind2=" ">
    <subfield code="2">ddc</subfield>
    <subfield code="c">BK</subfield>
  </datafield>
  <datafield tag="999" ind1=" " ind2=" ">
    <subfield code="c">72337</subfield>
    <subfield code="d">72337</subfield>
  </datafield>
  <datafield tag="952" ind1=" " ind2=" ">
    <subfield code="0">0</subfield>
    <subfield code="1">0</subfield>
    <subfield code="2">ddc</subfield>
    <subfield code="4">0</subfield>
    <subfield code="7">1</subfield>
    <subfield code="8">NFIC</subfield>
    <subfield code="a">RUCL</subfield>
    <subfield code="b">RUCL</subfield>
    <subfield code="c">Reading</subfield>
    <subfield code="d">2012-02-04</subfield>
    <subfield code="e">Dhaka, Bangla Academy</subfield>
    <subfield code="g">280.00</subfield>
    <subfield code="l">0</subfield>
    <subfield code="o">B 780.922 WAL 2009</subfield>
    <subfield code="r">2017-05-16 00:00:00</subfield>
    <subfield code="t">C-1</subfield>
    <subfield code="w">2017-05-16</subfield>
    <subfield code="y">BK</subfield>
  </datafield>
</record>
